15 Largest Cities in Burkina Faso🇧🇫 - Statistics

General Stats
  • This quiz has been taken 40 times
  • The average score is 4 of 15
Answer Stats
Population City % Correct
1 mil Ouagadougou
100%
360k Bobo-Dioulasso
53%
37k Dori
32%
33k Fada N'gourma
32%
39k Kaya
32%
87k Koudougou
32%
60k Banfora
26%
45k Dedougou
26%
61k Ouahigouya
26%
32k Koupela
16%
36k Hounde
11%
37k Reo
11%
37k Tenkodogo
11%
29k Garango
5%
30k Kombissiri
0%
No matching quizzes found
Score Distribution
Percent of People with Each Score
Percentile by Number Answered
Your Score History
You have not taken this quiz